000 00894nam a2200241Ia 4500
001 8397
003 GE_BSU
008 181216s||||||||xx |||||||||||||| ||und||
040 _cGE_BSU
080 _a821.353.1-31
100 _aეგაძე, ოთარ
245 _aდღენი ჩვენი ბრძოლებისა
245 _bპოლიტ.რომანი
245 _cსპეც.რედ. დევი სტურუა, გიორგი ნატროშვილი. მხატვ. მ. პოლიაკოვი
260 _aთბილისი
260 _bმერანი
260 _c1988
300 _a766გვ.22სმ.
541 _h1ლ.50თ.
653 _aდღენი ჩვენი ბრძოლებისა
653 _aმოთხრობები,ნოველები, ესეები
942 _cBK
999 _c41717
_d41717